Представление документа в формате MARC21

ПолеНазваниеЗначение
  Тип записи a
  Библиографический уровень m
001 Контрольный номер RU/URAIT/587255
005 Дата корректировки 20260429163711.1
008 Кодируемые данные 260429s2026 RU y f j 000 0 rus u
020 Индекс ISBN __
a ISBN 978-5-534-09651-4
c Цена, тираж 2709.00
040 Источник каталогиз. __
a Служба первич. каталог. ИКО Юрайт
c Служба, преобразующая запись ИКО Юрайт
e Правила каталог. RCR
041 Код языка издания __
a Код языка текста rus
044 Код страны публикации __
a Код страны публикации RU
080 Индекс УДК __
a Индекс УДК 001.1(075.8)
084 Индекс другой классификации/Индекс ББК __
2 Источник индекса rubbk
a Индекс другой классификации/Индекс ББК 72я73
100 Автор __
a Автор Яскевич Я. С.
q Полное имя Яскевич Ядвига Станиславовна
245 Заглавие __
a Заглавие Философия и методология науки
b Продолж. заглавия учебник для вузов
c Ответственность Я. С. Яскевич.
250 Сведения об издании __
g испр. и доп
a Основные сведения об издании 2-е изд.
256 Характеристики компьютерного файла __
a Характеристики компьютерного файла Электрон. дан.
260 Выходные данные __
a Место издания Москва
b Издательство Юрайт
c Дата издания 2026
300 Физическое описание __
a Объем 536 с
440 Серия __
a Серия Высшее образование
500 Примечания __
a Примечание URL: https://urait.ru/bcode/587255 (дата обращения: 29.04.2026).
520 Аннотация __
a Аннотация Учебник посвящен фундаментальным проблемам философского знания. В нем рассматриваются проблемы бытия, человека, общества и т. д. В издании представлены ценности современной цивилизации, рассмотрено предназначение философии в жизни общества, основные проблемы и специфика социальной динамики, показано развитие общества и современные цивилизации. Также содержится философско-методологический анализ и проблемы науки. Дано понятие науки, показана структура и динамика научного познания, основные парадигмы в развитии естественнонаучного знания, изложена специфика социально-гуманитарного познания.
538 Прим. о системных особенностях __
a Прим. о системных особенностях Режим доступа: Электронно-библиотечная система Юрайт, для авториз. пользователей
653 Ключевые слова __
a Ключевые слова Философия
653 Ключевые слова __
a Ключевые слова Общественные науки
653 Ключевые слова __
a Ключевые слова История и методология науки
653 Ключевые слова __
a Ключевые слова Методология и история науки
856 Электронный адрес документа 40
n Местонахождение сервера Юрайт
g Электронная книга
q Тип электронного формата html
h Имя пользователя ЮРАЙТ
v Часы доступа к ресурсу 20271231
2 Способ доступа Показать документ
x Служебное примечание https://urait.ru/book/cover/EFE2FC02-BE26-4689-96D1-0F26C555061E
u URL https://urait.ru/bcode/587255
856 Электронный адрес документа 48
q Тип электронного формата cover
u URL https://urait.ru/book/cover/EFE2FC02-BE26-4689-96D1-0F26C555061E
911 __
u 0030=https://urait.ru/bcode/587255
911 __
u 073a=9785534096514
u 073d=2709.00
911 __
u 106a=s
911 __
u 900l=
952 Тип литературы __
i Дисциплина История и методология науки
952 Тип литературы __
i Дисциплина Методология и история науки